000
00277nam a2200109Ia 4500
008
190913s9999||||xx |||||||||||||| ||und||
100
_a
Steve McQuerry
245
0
_a
Interconnecting Cisco Network Devices
260
_a
New Delhi
_b
McGraw Hill
_c
2017
300
_a
442
942
_c
BK
999
_c
8329
_d
8329